Statistics for Europe official languages by native speakers

Click here to take the quiz!

General Stats

  • This quiz has been taken 83 times
  • The average score is 25 of 37

Answer Stats

Native speakersLanguage% Correct
97.000.000German
100%
81.000.000French
98%
106.000.000Russian
98%
63.000.000English
94%
65.000.000Italian
94%
47.000.000Spanish
92%
38.500.000Polish
91%
32.600.000Ukrainian
85%
24.000.000Romanian
83%
22.000.000Dutch
78%
13.500.000Greek
72%
11.100.000Swedish
72%
10.600.000Czech
69%
13.000.000Hungarian
69%
5.500.000Danish
68%
10.000.000Portuguese
68%
5.200.000Norwegian
65%
9.000.000Serbian
65%
7.800.000Bulgarian
63%
5.600.000Croatian
63%
5.367.000Albanian
62%
5.400.000Finnish
62%
1.165.400Estonian
58%
1.750.000Latvian
57%
3.000.000Lithuanian
57%
5.200.000Slovak
54%
330.000Icelandic
52%
2.100.000Slovene
52%
520.000Maltese
51%
2.500.000Bosnian
48%
1.400.000Macedonian
48%
3.300.000Belarusian
46%
240.000Irish
46%
4.000.000Catalan
45%
40.074Romansh
45%
336.000Luxembourgish
42%
240.700Montenegrin
42%

Score Distribution

Percentile by Number Answered

Percent of People with Each Score

Your Score History

You have not taken this quiz